000 00472nam a2200193Ia 4500
003 3228
005 20250819104555.0
008 220601s9999 xx 000 0 und d
020 _a9781529342499
_qPaperback
040 _aMPL
_c3228
082 _aEF GRIS
100 _aGRISHAM, JOHN
245 0 _aCAMINO WINDS /
260 _aUnited Kingdom
_bHodder & Stoughton
_c2020
300 _a294 Pages
_c20cm.
521 _aAdult
942 _2ddc
_cBOOK
_y164
_zCyprian Zikalala
942 _cBOOK
_2ddc
999 _c661575
_d661574